000 00810nam a2200205 i 4500
001 186778
003 ES-MaACL
005 20251012063103.0
008 170215s1910 sp |||| | spa d
080 _a821.134.2-32"19"
100 1 _aLeyda, Rafael,
_d1870-1916
_972097
245 1 0 _aDel acueducto al alcázar /
_cnovela de Rafael Leyda ; ilustraciones de F.- Mota.
260 _aMadrid :
_bLos Contemporáneos,
_c1910.
300 _a[20] p. :
_bil. ;
_c28 cm.
490 1 _aLos contemporáneos ;
_v81
700 1 _aMota, F. (
_dfl. 1901)
_949947
830 0 _aLos contemporáneos ;
_v81
_9185715
852 _aES-MaACL
_jR-2599(3)
_z.- Ejemplar muy deteriorado, falta texto ; encuadernado entre medias portada del nº 86 de los Contemporaneos y una página del nº 85
999 _c186778
_d186778